Funding social housing: a sustainable market for private finance. (Record no. 60421)
[ view plain ]
| 000 -LEADER | |
|---|---|
| fixed length control field | 00901cam a2200217 4500 |
| 001 - CONTROL NUMBER | |
| control field | ABS60772 |
| 008 - FIXED-LENGTH DATA ELEMENTS--GENERAL INFORMATION | |
| fixed length control field | 000000n1999 000 0 eng u |
| 035 ## - SYSTEM CONTROL NUMBER | |
| System control number | (Sirsi) u101268 |
| 100 ## - MAIN ENTRY--PERSONAL NAME | |
| Personal name | Williams, P. |
| 245 ## - TITLE STATEMENT | |
| Title | Funding social housing: a sustainable market for private finance. |
| 260 ## - PUBLICATION, DISTRIBUTION, ETC. | |
| Date of publication, distribution, etc. | 1999 |
| 490 ## - SERIES STATEMENT | |
| Series statement | Housing Finance |
| Volume/sequential designation | (42) May 1999, 36-44(8) |
| 520 ## - SUMMARY, ETC. | |
| Summary, etc. | Analyses the prospects for private finance in the social housing sector in 1999/2000, particularly with regard to local authority stock transfer. Concludes that demand for private finance will continue to grow, and estimates a market for between £30bn and £40bn of private finance over the next ten years. |
| 650 ## - SUBJECT ADDED ENTRY--TOPICAL TERM | |
| Topical term or geographic name entry element | PRIVATE FINANCE INITIATIVE |
| 650 ## - SUBJECT ADDED ENTRY--TOPICAL TERM | |
| Topical term or geographic name entry element | SOCIAL HOUSING |
| 650 ## - SUBJECT ADDED ENTRY--TOPICAL TERM | |
| Topical term or geographic name entry element | PRIVATE FUNDING |
| 650 ## - SUBJECT ADDED ENTRY--TOPICAL TERM | |
| Topical term or geographic name entry element | HOUSING ASSOCIATIONS |
| 650 ## - SUBJECT ADDED ENTRY--TOPICAL TERM | |
| Topical term or geographic name entry element | LOCAL AUTHORITIES |
| 690 ## - LOCAL SUBJECT ADDED ENTRY--TOPICAL TERM (OCLC, RLIN) | |
| Topical term or geographic name as entry element | HOUSING FINANCE |
| 942 ## - ADDED ENTRY ELEMENTS (KOHA) | |
| Suppress in OPAC | 0 |
| Withdrawn status | Lost status | Source of classification or shelving scheme | Damaged status | Not for loan | Home library | Current library | Shelving location | Date acquired | Total Checkouts | Full call number | Barcode | Date last seen | Copy number | Price effective from | Koha item type |
|---|---|---|---|---|---|---|---|---|---|---|---|---|---|---|---|
| Dewey Decimal Classification | London | London | Journal article | 03/11/1999 | ABS60772 | 101268-1001 | 06/08/2019 | 1 | 06/08/2019 | Journal article |